000 01082cam a2200301 a 4500
001 4770934
003 NUST-PNEC
005 20170116180723.0
008 861112s1987 nyua eb 001 0 eng
010 _a 86027422
020 _a007046183X
040 _cPNEC
050 0 0 _aQ121
_b.M3 1987
082 0 0 _a503.21 MCG
_219
100 _9851
_aMcGraw-Hill
245 0 0 _aMcGraw-Hill Yearbook of Science and Technology, 1988
_cMcGraw-Hill
260 _aNew York :
_bMcGraw-Hill,
_cc1988.
300 _a518 p. :
_bill. ;
_c29 cm.
500 _ahttp://www.amazon.com/McGraw-Hill-Yearbook-Science-Technology-1988/dp/007046183X/ref=sr_1_1?s=books&ie=UTF8&qid=1414570615&sr=1-1&keywords=007046183x
504 _aIncludes bibliographies and indexes.
650 0 _aScience
_xEncyclopedias.
650 0 _aTechnology
_xEncyclopedias.
740 0 _aMcGraw-Hill encyclopedia of science and technology.
740 0 _aEncyclopedia of science & technology.
740 0 _aEncyclopedia of science and technology.
906 _a7
_bcbc
_corignew
_d1
_eocip
_f19
_gy-gencatlg
942 _2ddc
_cBK
999 _c61495
_d61495